Nadie dijo que era fácil. Escuelas efectivas en sectores de pobreza, diez años después
Salvato in:
| Autore principale: | |
|---|---|
| Altri autori: | , , |
| Natura: | Libro |
| Lingua: | spagnolo |
| Pubblicazione: |
Santiago, Chile
LOM
2015
|
| Soggetti: | |
| Tags: |
Aggiungi Tag
Nessun Tag, puoi essere il primo ad aggiungerne!!
|
MARC
| LEADER | 00000cam a2200000 a 4500 | ||
|---|---|---|---|
| 001 | UCD5693 | ||
| 003 | CL-VaPUC | ||
| 005 | 20231221091847.0 | ||
| 008 | 160930e20150000cl |||||||||||||||||spa|d | ||
| 999 | |c 366289 |d 366287 | ||
| 020 | |a 9789560006325 | ||
| 040 | |c Pontificia Universidad Católica de Valparaíso | ||
| 082 | 0 | 4 | |a 370.110983 BEL 2015 |2 21 |
| 100 | |a Bellei Carvacho, Cristián |e autor |9 583129 | ||
| 245 | 1 | 0 | |a Nadie dijo que era fácil. |b Escuelas efectivas en sectores de pobreza, diez años después |
| 260 | |a Santiago, Chile |b LOM |c 2015 | ||
| 300 | |a 424 páginas | ||
| 583 | |a last modification |c 20160930 08:06:00 |k Rodrigo Vera | ||
| 650 | 0 | |a Calidad de la educación |9 307271 | |
| 650 | 0 | |a Democratización de la educación |9 307986 | |
| 650 | 0 | |a Política educacional |9 308011 | |
| 700 | 0 | |a Morawietz Yáñez, Liliana |e coordinadora |9 589465 | |
| 700 | 0 | |a Valenzuela Barros, Juan Pablo |e coordinador |9 589466 | |
| 700 | 0 | |a Vanni Cucurella, Xavier |e coordinador |9 589467 | |
| 852 | |a BIBEDU | ||
| 942 | |c BK |2 ddc | ||
| 945 | |d 20160930 08:06:00 |a dcastane | ||
| 952 | |0 0 |1 0 |3 erb |4 0 |6 370_110983000000000_BEL_2015 |7 0 |8 A |9 480415 |a BIBHIS |b BIBHIS |i 5343569 |o 370.110983 BEL 2015 |p 5343569 |r 2025-01-20 |w 2019-11-24 |y BK |z Catalogado en:20160930 |k HIS | ||
| 952 | |0 0 |1 0 |3 erb |4 0 |6 370_110983000000000_BEL_2015 |7 0 |8 A |9 480416 |a BIBHIS |b BIBHIS |i 5430917 |o 370.110983 BEL 2015 |p 5430917 |r 2025-01-20 |w 2019-11-24 |y BK |z Catalogado en:20171020 |k HIS | ||
| 952 | |0 0 |1 0 |3 erb |4 0 |6 370_110983000000000_BEL_2015 |7 0 |8 A |9 480417 |a BIBEDU |b BIBEDU |i 5464897 |o 370.110983 BEL 2015 |p 5464897 |r 2019-11-24 |w 2019-11-24 |y BK |z Catalogado en:20180413 |k EPE | ||
| 952 | |0 0 |1 0 |3 erb |4 0 |6 370_110983000000000_BEL_2015 |7 0 |8 A |9 480418 |a BIBEDU |b BIBEDU |d 2019-06-12 |e 11 |g 15000.00 |i 5552680 |o 370.110983 BEL 2015 |p 5552680 |r 2019-11-24 |v 15000.00 |w 2019-11-24 |y BK |z Catalogado en:20190617 |k EBA | ||